| 000 | 00443nam a2200145 a 4500 | ||
|---|---|---|---|
| 005 | 20210223125020.0 | ||
| 008 | 030619s2000 mx r 000 0 spa d | ||
| 020 | _a968804430X | ||
| 035 | _aUPN01000126220 | ||
| 049 | _aSEP | ||
| 050 | 4 |
_aLB1578 A3.53 _bT7.5 |
|
| 100 | 1 |
_aTrejo González, María Luisa _939017 |
|
| 245 | 1 | 0 |
_aMa he'mi de ge ñhohño = Mi libro de otomí : _bTolimán, Querétaro / _aMaría Luisa Trejo González. |
| 905 | _aLibro | ||
| 999 |
_c98399 _d98399 |
||